Normal view MARC view
  • Bernardino,

Entry Nombre Personal

Number of records used in: 11

001 - NUMERO DE CONTROL

  • campo de control: 28034

003 - IDENTIFICADOR DE NUMERO DE CONTROL

  • campo de control: UPN

005 - FECHA Y HORA DE LA ÜLTIMA TRANSACCIÓN

  • campo de control: 20220630134747.0

008 - DATOS DE LONGITUD FIJA

  • campo de control de longitud fija: 220630nn acannaabn n aaa d

035 ## - NUMERO DE CONTROL

  • Número de control: UPN11000000140

040 ## - FUENTE DE CATALOGACIÓN

  • Lenguaje de catalogación: SPA
  • Agencia de transcripción: UPN
  • Agencia original de catalogación: UPN

100 0# - ENCABEZAMIENTO - NOMBRE PERSONAL

  • Nombre personal: Bernardino,
  • Títulos u otras palabras asociadas al nombre: de Sahagún,
  • Fechas asociadas con el nombre: 1499-1590

400 1# - VEÁSE - NOMBRE DE PERSONA

  • Personal name: Sahagun, Bernardino de,
  • Titles and other words associated with a name: fray,
  • Dates associated with a name: 1499?-1590

400 1# - VEÁSE - NOMBRE DE PERSONA

  • Personal name: Sahagún, Bernardino de,
  • Titles and other words associated with a name: fray,
  • Dates associated with a name: 1499 ó 1500-1590

670 ## - FUENTE EN LA QUE SE LOCALIZARON DATOS

  • Cita de la fuente: LC

680 ## - NOTA PUBLICA DE ACCESO PÚBLICO

  • Frase explicativa de la referencia: Franciscano español

902 ## - CATALOGADOR

  • Catalogador: DAA/270707